书目信息 |
| 题名: |
电动力学
|
|
| 作者: | 郭硕鸿 编 | |
| 分册: | ||
| 出版信息: | 北京 高等教育出版社 1997.07 |
|
| 页数: | 352页 | |
| 开本: | 21cm | |
| 丛书名: | ||
| 单 册: | ||
| 中图分类: | O442 | |
| 科图分类: | ||
| 主题词: | 电动力学 | |
| 电子资源: | ||
| ISBN: | 7-04-005550-3 | |
| 000 | 00526nam0 2200205 45 | |
| 001 | 0181008348 | |
| 005 | 20070719112626.59 | |
| 010 | @a7-04-005550-3@dCNY11.10 | |
| 100 | @a20810111d km y0chiy0120 ea | |
| 101 | 0 | @achi |
| 200 | 1 | @a电动力学@Adian dong li xue@f郭硕鸿编@FGuo Shuo Hong Bian |
| 205 | @a2版 | |
| 210 | @a北京@c高等教育出版社@d1997.07 | |
| 215 | @a352页@d21cm | |
| 300 | @a高等学校教材 | |
| 606 | 0 | @a电动力学 |
| 690 | @aO442@v3 | |
| 701 | 0 | @a郭硕鸿@4编 |
| 801 | @aCN@bTSTC@c20070719 | |
| 905 | @dO442@e15=2 | |
| 电动力学/郭硕鸿编.-2版.-北京:高等教育出版社,1997.07 |
| 352页;21cm |
| 高等学校教材 |
| ISBN 7-04-005550-3:CNY11.10 |
| ● |
| 相关链接 |
|
|
|
|
正题名:电动力学
索取号:O442/15=2
 
预约/预借
| 序号 | 登录号 | 条形码 | 馆藏地/架位号 | 状态 | 备注 |
| 1 | 0280708 | 002807083 | 第三借阅区/ [索取号:O442/15=2] | 在馆 | |
| 2 | 0280709 | 002807092 | 第三借阅区/ [索取号:O442/15=2] | 在馆 | |
| 3 | 0280710 | 002807109 | 第三借阅区/ [索取号:O442/15=2] | 在馆 | |
| 4 | 0280711 | 002807118 | 第三借阅区/ [索取号:O442/15=2] | 在馆 | |
| 5 | 0280712 | 002807127 | 第三借阅区/ [索取号:O442/15=2] | 在馆 | |
| 6 | 0280713 | 002807136 | 第三借阅区/ [索取号:O442/15=2] | 在馆 | |
| 7 | 0280714 | 002807145 | 第三借阅区/ [索取号:O442/15=2] |
已借出,限还日期为2015.12.08 借出人:黄凯云 |
|
| 8 | 0280715 | 002807154 | 第三借阅区/ [索取号:O442/15=2] | 在馆 | |
| 9 | 0280716 | 002807163 | 第三借阅区/ [索取号:O442/15=2] | 在馆 | |
| 10 | 0280717 | 002807172 | 第二样本阅览室/ [索取号:O442/15=2] | 在馆 | |
| 11 | 0291202 | 002912021 | 第三借阅区/ [索取号:O442/15=2] | 在馆 | |
| 12 | 0291203 | 002912030 | 第三借阅区/ [索取号:O442/15=2] | 在馆 | |
| 13 | 0291204 | 002912049 | 第三借阅区/ [索取号:O442/15=2] | 在馆 | |
| 14 | 0502694 | 205026942 | 密集书库/ [索取号:O442/15=2] | 在馆 | |
| 15 | 0767510 | 207675103 | 密集书库/ [索取号:O442/15=2] | 在馆 |